[Event "Regensburg Donau Cup"]
[Site "Regensburg"]
[Date "2017.05.27"]
[Round "6"]
[White "Disterheft, David"]
[Black "Uphoff, Lennart"]
[Result "1/2-1/2"]
[WhiteElo "1972"]
[BlackElo "2004"]
[PlyCount "85"]
[EventDate "2017.05.24"]
[EventType "swiss"]
[EventRounds "7"]
[EventCountry "GER"]
[SourceTitle "CBM 178 Extra"]
[Source "ChessBase"]
[SourceDate "2017.06.22"]
[SourceVersion "1"]
[SourceVersionDate "2017.06.22"]
[SourceQuality "1"]

1. e4 c6 2. d3 d5 3. Nd2 e5 4. Ngf3 Bd6 5. g3 Nf6 6. Bg2 0-0 7. 0-0 Re8 8. Re1 Nbd7 9. c3 dxe4 10. dxe4 a5 11. Nc4 Bc7 12. a4 Qe7 13. Bg5 h6 14. Bxf6 Nxf6 15. Qc2 Qc5 16. Ne3 Be6 17. Red1 Red8 18. Ne1 Rxd1 19. Rxd1 Qb6 20. c4 Nd7 21. Nd3 Nc5 22. Nxc5 Qxc5 23. Bf3 Rd8 24. Rxd8+ Bxd8 25. Bg4 Bg5 26. Bxe6 Bxe3 27. Bxf7+ Kxf7 28. fxe3 Qxe3+ 29. Qf2+ Qxf2+ 30. Kxf2 b6 31. Ke3 Ke6 32. Kd3 Kd6 33. Kd2 Kc5 34. Kc3 h5 35. h3 g5 36. g4 h4 37. b3 b5 38. cxb5 cxb5 39. axb5 Kxb5 40. Kc2 Kb4 41. Kb2 a4 42. bxa4 Kxa4 43. Kc3 1/2-1/2

[Event "Korbach Herbst op"]
[Site "Korbach"]
[Date "2006.10.22"]
[Round "5"]
[White "Koerber, Thomas1111"]
[Black "Disterheft, David"]
[Result "1/2-1/2"]
[WhiteElo "1865"]
[BlackElo "2052"]
[PlyCount "32"]
[EventDate "2006.10.20"]
[EventType "swiss"]
[EventRounds "5"]
[EventCountry "GER"]
[SourceTitle "CBM 115 Extra"]
[Source "ChessBase"]
[SourceDate "2007.01.10"]
[SourceVersion "1"]
[SourceVersionDate "2007.01.10"]
[SourceQuality "1"]

1. e4 c5 2. c4 Nc6 3. Nc3 g6 4. Nf3 Bg7 5. a3 d6 6. Be2 f5 7. d3 e5 8. Nd5 a5 9. Bd2 Nf6 10. b4 axb4 11. axb4 Rxa1 12. Qxa1 fxe4 13. Nxf6+ Qxf6 14. dxe4 Nd4 15. Nxd4 cxd4 16. Qa4+ Kf7 1/2-1/2

[Event "Bad Zwesten op 9th"]
[Site "Bad Zwesten"]
[Date "2005.01.06"]
[Round "7"]
[White "Disterheft, David"]
[Black "Struk, Jerzy"]
[Result "0-1"]
[WhiteElo "1727"]
[BlackElo "2231"]
[PlyCount "43"]
[EventDate "2005.01.02"]
[EventType "swiss"]
[EventRounds "9"]
[EventCountry "GER"]
[SourceTitle "CBM 104 Extra"]
[Source "ChessBase"]
[SourceDate "2005.03.01"]
[SourceVersion "1"]
[SourceVersionDate "2005.03.01"]
[SourceQuality "1"]

1. f4 d5 2. Nf3 g6 3. e3 Bg7 4. d4 Nf6 5. Bd3 c5 6. c3 0-0 7. 0-0 b6 8. Nbd2 Ba6 9. Ne5 Bxd3 10. Nxd3 Qc8 11. Nf3 a5 12. Bd2 a4 13. b4 axb3 14. axb3 Nbd7 15. Qc2 Ne4 16. Nfe5 Nxe5 17. fxe5 Rxa1 18. Rxa1 Bh6 19. Nf2 cxd4 20. Nxe4 dxe3 21. Bxe3 Bxe3+ 22. Nf2 0-1

[Event "Bad Zwesten op 9th"]
[Site "Bad Zwesten"]
[Date "2005.01.05"]
[Round "5"]
[White "Disterheft, David"]
[Black "Risius, Philipp"]
[Result "1-0"]
[WhiteElo "1727"]
[BlackElo "1413"]
[PlyCount "77"]
[EventDate "2005.01.02"]
[EventType "swiss"]
[EventRounds "9"]
[EventCountry "GER"]
[SourceTitle "CBM 104 Extra"]
[Source "ChessBase"]
[SourceDate "2005.03.01"]
[SourceVersion "1"]
[SourceVersionDate "2005.03.01"]
[SourceQuality "1"]

1. e4 e5 2. Nf3 Nf6 3. d4 d6 4. dxe5 Nxe4 5. Bd3 Nc5 6. 0-0 Be7 7. Re1 0-0 8. Bf4 Nxd3 9. Qxd3 dxe5 10. Nxe5 Bf6 11. Qg3 Bh4 12. Qf3 Nd7 13. Nc3 Bf6 14. Rad1 Bxe5 15. Bxe5 Nxe5 16. Rxe5 Qf6 17. Qxf6 gxf6 18. Re7 c6 19. Ne4 b6 20. Nxf6+ Kg7 21. Ne8+ Kg8 22. Rd8 Bb7 23. Rxa8 Bxa8 24. Nc7 Bb7 25. f3 Rc8 26. Re8+ Rxe8 27. Nxe8 Kf8 28. Nd6 Ba6 29. g4 Ke7 30. Ne4 f6 31. Kf2 Ke6 32. f4 h6 33. Ng3 c5 34. Nf5 h5 35. Ng7+ Kf7 36. Nxh5 Kg6 37. Ng3 Bc8 38. h3 Bb7 39. h4 1-0

[Event "Bad Zwesten op 9th"]
[Site "Bad Zwesten"]
[Date "2005.01.05"]
[Round "6"]
[White "Kewe, Stefan"]
[Black "Disterheft, David"]
[Result "0-1"]
[WhiteElo "2043"]
[BlackElo "1727"]
[PlyCount "100"]
[EventDate "2005.01.02"]
[EventType "swiss"]
[EventRounds "9"]
[EventCountry "GER"]
[SourceTitle "CBM 104 Extra"]
[Source "ChessBase"]
[SourceDate "2005.03.01"]
[SourceVersion "1"]
[SourceVersionDate "2005.03.01"]
[SourceQuality "1"]

1. e4 d6 2. Nc3 Nf6 3. g3 g6 4. Bg2 Bg7 5. d3 0-0 6. f4 e5 7. Nge2 Nc6 8. 0-0 Nd4 9. Nxd4 exd4 10. Ne2 c5 11. Bd2 Re8 12. h3 h5 13. f5 d5 14. fxg6 fxg6 15. Bg5 dxe4 16. Bxe4 Bxh3 17. Rf2 Qd6 18. Bxf6 Bxf6 19. Nf4 Bg5 20. Bxg6 Bg4 21. Bf7+ Kh7 22. Qf1 Re3 23. Qg2 Rf8 24. Bg6+ Kh6 25. Be4 h4 26. Bf3 Bxf4 27. gxf4 Rxf4 28. Raf1 Bxf3 29. Rxf3 Rfxf3 30. Rxf3 Re1+ 31. Rf1 Rxf1+ 32. Kxf1 Qf4+ 33. Ke2 Qe3+ 34. Kd1 h3 35. Qh2 Qf3+ 36. Ke1 Qe3+ 37. Kd1 Kh5 38. Qd6 Qg1+ 39. Ke2 Qg2+ 40. Kd1 Qf1+ 41. Kd2 Qg2+ 42. Kd1 Qg4+ 43. Ke1 Kh4 44. Qxc5 h2 45. Qe7+ Kh3 46. Qh7+ Kg2 47. Qxb7+ Kg1 48. Qf7 Qg3+ 49. Ke2 Qe3+ 50. Kd1 h1Q 0-1